| 000 | 00466nam a2200217 454500 | ||
|---|---|---|---|
| 001 | 045973 | ||
| 003 | BD-ChCU | ||
| 008 | Eng | ||
| 020 | _a8121906679 | ||
| 040 |
_aDLC _cDLC _dBD-ChCU |
||
| 082 | 0 | 0 | _a537/T354e |
| 100 | 1 |
_aTewari. K.K. _bx |
|
| 245 | 1 | 0 |
_aElectricity and magnetism _bx |
| 250 | _a2 | ||
| 260 |
_aNew Delhi _bS. Chand _c1996 |
||
| 300 | _a799 | ||
| 504 | _a | ||
| 650 | 0 |
_aElectricity _bMagnetism |
|
| 700 | 1 | _ax | |
| 942 |
_2ddc _cBK |
||
| 999 |
_c45973 _d45973 |
||